[Event "Challenge"]
[Site "http://www.queenalice.com/game.php?id=929457"]
[Date "2011.4.23"]
[Round "-"]
[White "Cioti"]
[Black "iedamarian"]
[Result "0-1"]
[WhiteElo "1500"]
[BlackElo "1240"]

1. d4 Nc6 2. Nf3 e6 3. Ne5 Nxe5 4. dxe5 Nh6 5. g3 Bb4+ 6. Bd2 Bc5 7. b4 Bd4 8.
f4 Bxa1 9. h4 Bd4 10. e3 Bb6 11. Nc3 Nf5 12. g4 Ng3 13. Rh3 Nxf1 14. Kxf1 d5 15.
f5 exf5 16. gxf5 Bxf5 17. Rf3 Qxh4 18. Rxf5 Qh3+ 19. Ke2 Qxf5 20. Qg1 Qxe5 21.
Nxd5 Qxd5 22. Qxg7 O-O-O 23. Qg4+ f5 24. Qh5 Qxd2+ 25. Kf3 Qd1+ 26. Kf4 Qxh5 27.
Ke5 Rhe8+ 28. Kf4 Qg4# 0-1

[Event "Challenge"]
[Site "http://www.queenalice.com/game.php?id=930317"]
[Date "2011.4.26"]
[Round "-"]
[White "gisa2010"]
[Black "iedamarian"]
[Result "0-1"]
[WhiteElo "1327"]
[BlackElo "1287"]

1. c4 e5 2. e4 b6 3. Nc3 Nc6 4. Be2 d6 5. Nh3 Nd4 6. Bh5 Ne7 7. O-O g6 8. b3 Bd7
9. Ba3 Bg7 10. Be2 Nxe2+ 11. Qxe2 O-O 12. g4 h5 13. Bb4 Nc6 14. Ba3 hxg4 15. Ng5
Bf6 16. Nh7 Kxh7 0-1

[Event "Challenge"]
[Site "http://www.queenalice.com/game.php?id=930318"]
[Date "2011.4.26"]
[Round "-"]
[White "gisa2010"]
[Black "iedamarian"]
[Result "0-1"]
[WhiteElo "1301"]
[BlackElo "1495"]

1. c4 e5 2. e4 b6 3. Nf3 d6 4. b4 a5 5. Be2 Nc6 6. a4 Be7 7. Nc3 Nxb4 8. Ba3 Nf6
9. Nb5 Nxe4 10. c5 Bh4 11. Rc1 Nxf2 12. Qc2 Nxh1+ 13. Kd1 Nxc2 14. Rxc2 Bf2 15.
Nc3 c6 16. cxd6 Bc5 17. Nxe5 Bxa3 18. Ra2 Qxd6 19. Nf3 Bg4 20. Ng5 Bxe2+ 21. Ke1
Bd3 22. Rb2 Bxb2 23. Nf3 O-O 24. Nd1 Ba3 25. g4 Rae8+ 0-1

[Event "Challenge"]
[Site "http://www.queenalice.com/game.php?id=931389"]
[Date "2011.4.28"]
[Round "-"]
[White "Cioti"]
[Black "iedamarian"]
[Result "1-0"]
[WhiteElo "1070"]
[BlackElo "1452"]

1. d4 Nf6 2. Nf3 d5 3. Ne5 Nc6 4. Bf4 Ne4 5. Nc3 Qd6 6. Nb5 Qb4+ 7. c3 Qxb5 8.
f3 Nd6 9. Nxc6 Qxc6 10. Bxd6 cxd6 11. e4 Qd7 12. exd5 b5 13. c4 bxc4 14. Rc1 e6
15. Bxc4 a5 16. O-O g6 17. Re1 e5 18. dxe5 Be7 19. Re4 O-O 20. e6 fxe6 21. Rxe6
Re8 22. Qd4 Rb8 23. b3 Rf8 24. Rce1 Qd8 25. Rxe7 Qb6 26. Qxb6 Rxb6 27. Ra7 h5
28. Re6 Rf4 29. Rxg6+ Kf8 30. Ra8 Rc6 31. Bb5 Kf7 32. Rh6 Rh4 33. Bxc6 Bf5 34.
Ra7+ Bd7 35. Bxd7 Rf4 36. Be6+ Ke8 37. Rh8+ Rf8 38. Bf7+ Kd8 39. Rxf8# 1-0

[Event "Challenge"]
[Site "http://www.queenalice.com/game.php?id=935933"]
[Date "2011.5.9"]
[Round "-"]
[White "iedamarian"]
[Black "Rubenscb"]
[Result "1-0"]
[WhiteElo "1437"]
[BlackElo "1500"]

1. e4 e5 2. Nf3 Nc6 3. d3 Nf6 4. Nc3 Bb4 5. Bd2 d5 6. h3 dxe4 7. Nxe4 Bxd2+ 8.
Qxd2 Nxe4 9. dxe4 Qxd2+ 10. Kxd2 O-O 11. Bb5 Bd7 12. g4 Rad8 13. Rhe1 1-0

[Event "Challenge"]
[Site "http://www.queenalice.com/game.php?id=938611"]
[Date "2011.5.16"]
[Round "-"]
[White "soudeDeus"]
[Black "iedamarian"]
[Result "1-0"]
[WhiteElo "1315"]
[BlackElo "1540"]

1. g3 d5 2. b3 Bg4 3. Bb2 e6 4. h3 Bh5 5. Bg2 Bc5 6. Bxg7 f6 7. Bxh8 Bd4 8. c3
Bb6 9. g4 Bg6 10. c4 c6 11. cxd5 Bd4 12. Nc3 Nh6 13. dxc6 bxc6 14. e3 Bc5 15. d4
Bb4 16. Ne2 Qd7 17. e4 Qf7 18. Qd2 Qf8 19. a3 Ba5 20. Nf4 Qxh8 21. Nxg6 hxg6 22.
b4 Bb6 23. d5 exd5 24. exd5 Qg7 25. dxc6 Qe7+ 26. Qe2 Be3 27. Qxe3 1-0

[Event "Challenge"]
[Site "http://www.queenalice.com/game.php?id=943776"]
[Date "2011.5.28"]
[Round "-"]
[White "gabriellima"]
[Black "iedamarian"]
[Result "1-0"]
[WhiteElo "1507"]
[BlackElo "1483"]

1. e4 e5 2. Nf3 d6 3. d4 Nf6 4. dxe5 Nxe4 5. Qd5 c6 6. Qxe4 Be7 7. Nd4 O-O 8.
Qe3 d5 9. Qg3 Bd7 10. Bh6 f5 11. Qxg7# 1-0

[Event "Challenge"]
[Site "http://www.queenalice.com/game.php?id=943802"]
[Date "2011.5.29"]
[Round "-"]
[White "palergiuseppe"]
[Black "iedamarian"]
[Result "0-1"]
[WhiteElo "1387"]
[BlackElo "1331"]

1. d4 Nf6 2. c4 b6 3. Nc3 c6 4. e4 e6 5. Bd3 h5 6. Nf3 Ng4 7. h3 Nf6 8. O-O Bb4
9. Na4 b5 10. cxb5 cxb5 11. Be3 bxa4 12. Qxa4 Bd6 13. Bb5 Nxe4 14. Bg5 f6 15.
Be3 a6 16. Bd3 Bb7 17. Rac1 O-O 18. Qb3 Bc6 19. Nh4 f5 0-1

[Event "Challenge"]
[Site "http://www.queenalice.com/game.php?id=944968"]
[Date "2011.6.1"]
[Round "-"]
[White "gabriellima"]
[Black "iedamarian"]
[Result "1-0"]
[WhiteElo "1534"]
[BlackElo "1394"]

1. e4 e5 2. Nf3 d6 3. d4 Bg4 4. Bb5+ c6 5. Bc4 a5 6. h3 Bxf3 7. Qxf3 Be7 8.
Qxf7+ Kd7 9. Qxg7 exd4 10. Qxh8 Bf6 11. Qxh7+ Be7 12. Bxg8 c5 13. O-O Kc6 14.
Na3 Nd7 15. Bd5+ Kb6 16. Nc4+ Ka6 17. Bd2 Nf8 18. Qh5 Qd7 19. Qe2 a4 20. Ne5+
Qb5 21. Bc4 dxe5 22. Bxb5+ Kb6 23. Be8 Rxe8 24. Rab1 Bd8 25. b3 Ng6 26. bxa4+
Kc6 27. Qb5+ Kd6 28. Qxe8 Nf4 29. Qxd8+ Ke6 30. Qc7 Ne2+ 31. Kh2 c4 32. Rb6# 1-0

[Event "Challenge"]
[Site "http://www.queenalice.com/game.php?id=955023"]
[Date "2011.6.29"]
[Round "-"]
[White "iedamarian"]
[Black "Cioti"]
[Result "0-1"]
[WhiteElo "1398"]
[BlackElo "1193"]

1. e4 Nf6 2. d3 e5 3. Nf3 d5 4. Bg5 dxe4 5. dxe4 Qxd1+ 6. Kxd1 Nxe4 7. Ke1 Nxg5
8. Nxg5 Bb4+ 9. c3 Be7 10. Nf3 e4 11. Nbd2 exf3 12. Nxf3 Bg4 13. Bb5+ c6 14. Be2
Bxf3 15. gxf3 O-O 16. Rg1 Rd8 17. Rg3 Rd6 18. Rg4 Na6 19. b4 Rad8 20. h4 Rd2 21.
a4 Rc2 22. Re4 Bf6 23. h5 Rxc3 24. f4 Rh3 25. f3 Bxa1 26. f5 Rxh5 27. b5 Rxf5
28. bxa6 bxa6 29. Kf1 g6 30. Kf2 Rh5 31. Kg3 f5 32. f4 fxe4 33. Bc4+ Kg7 34.
Bxa6 Rd3+ 35. Kg4 Rdh3 36. Bc4 Kf6 37. Bf1 R5h4# 0-1

[Event "Challenge"]
[Site "http://www.queenalice.com/game.php?id=955821"]
[Date "2011.7.1"]
[Round "-"]
[White "pulrich"]
[Black "iedamarian"]
[Result "1-0"]
[WhiteElo "1351"]
[BlackElo "1392"]

1. e4 Nf6 2. e5 Nd5 3. d4 h5 4. h4 g6 5. c4 Nb6 6. d5 c5 7. Bg5 Rh7 8. Rh3 f6 9.
exf6 exf6 10. Re3+ Be7 11. Bxf6 Qc7 12. Qd3 Nc6 13. d6 Kf8 14. dxc7 Bxf6 15. Rf3
Rf7 16. Qxg6 d6 17. Rxf6 Rxf6 18. Qxf6+ Ke8 19. Qxd6 Nxc4 20. Bxc4 Ne7 21. Qd8#
1-0

[Event "Challenge"]
[Site "http://www.queenalice.com/game.php?id=955993"]
[Date "2011.7.2"]
[Round "-"]
[White "izabela"]
[Black "iedamarian"]
[Result "1-0"]
[WhiteElo "1431"]
[BlackElo "1346"]

1. e4 Nf6 2. d3 h5 3. Nf3 a5 4. Be2 Ra6 5. O-O b5 6. Bg5 Rc6 7. Ne5 Rc5 8. Bxf6
gxf6 9. Nf3 b4 10. Nbd2 d5 11. d4 Rc6 12. Bb5 Qd6 13. Bxc6+ Qxc6 14. exd5 Qxd5
15. Nh4 Qxd4 16. Ndf3 Qxb2 17. Rb1 Qxa2 18. Nf5 Bxf5 19. Ra1 Qc4 20. Rxa5 Qc6
21. Rxf5 Bh6 22. Re1 Rg8 23. Kf1 e6 24. Rxf6 Qc4+ 25. Re2 Bf8 26. Qd4 Qa2 27. c3
Nc6 28. Rxa2 e5 29. Nxe5 Nxd4 30. cxd4 Ke7 31. Rc6 h4 32. Rxc7+ Kd6 33. Rd7+ Ke6
34. Ra6+ Kf5 35. Rxf7+ Ke4 36. Nc6 b3 37. Rb6 Rg6 38. Rxf8 b2 39. Rxb2 Rxc6 40.
Rh8 Kxd4 41. Rxh4+ Kd3 42. Rh3+ Kd4 43. Rb4+ Ke5 44. Rh5+ Kd6 45. Rbb5 Ke7 46.
Rb7+ Kd6 47. Rh6+ Ke5 48. Rxc6 Kd5 49. Rh6 Kd4 50. Rb3 Kc4 51. Rg3 Kd4 52. Rh4+
Kd5 53. Rg5+ Ke6 54. Rh6+ Kf7 55. Ra5 Ke7 56. Ra7+ Kf8 57. Rh8# 1-0

[Event "Challenge"]
[Site "http://www.queenalice.com/game.php?id=955994"]
[Date "2011.7.2"]
[Round "-"]
[White "iedamarian"]
[Black "izabela"]
[Result "1-0"]
[WhiteElo "1360"]
[BlackElo "1466"]

1. e4 e5 2. Nf3 Nc6 3. g3 Bb4 4. Qe2 Nd4 5. Nxd4 exd4 6. a3 Be7 7. e5 d6 8. Qb5+
Qd7 9. Qb3 dxe5 10. a4 Nf6 11. Bg2 O-O 12. O-O e4 13. d3 Qd5 14. c4 Qf5 15. dxe4
Nxe4 16. Re1 Bg5 17. Bxe4 Qg4 18. Bxg5 Qxg5 19. Qd3 Rd8 20. h4 Qg4 21. Bxh7+ Kf8
22. Kg2 Bf5 23. Bxf5 Qh5 24. Qe4 d3 25. Bg4 Qg6 26. Qxb7 d2 27. Rd1 Qc2 28. Nxd2
Qxa4 29. Rxa4 Rab8 30. Qxc7 Rbc8 31. Bxc8 Rxc8 32. Qxc8+ Ke7 33. Rxa7+ Kd6 34.
Rxf7 Ke5 35. Rxg7 Kd4 36. Nf3+ Ke4 37. Rg4# 1-0

[Event "Challenge"]
[Site "http://www.queenalice.com/game.php?id=957658"]
[Date "2011.7.6"]
[Round "-"]
[White "shatranj"]
[Black "iedamarian"]
[Result "0-1"]
[WhiteElo "1430"]
[BlackElo "1352"]

1. e4 e5 2. Nf3 Qe7 3. d4 f6 4. dxe5 fxe5 5. Nc3 d6 6. Nd5 Qd8 7. Bg5 Nf6 8. Qd3
c6 9. Nc3 Qb6 10. O-O-O Ng4 11. Be3 Nxe3 12. fxe3 Bg4 13. Be2 Be7 14. Na4 Qa5
15. Qb3 b5 16. Nc3 Nd7 17. Qe6 Bxe6 18. Rhf1 b4 19. Nb1 O-O-O 20. Nbd2 Qxa2 21.
Nb3 Rhf8 22. Ba6+ Qxa6 23. Rf2 Nc5 24. Nbd2 Ba2 25. Nf1 Rf6 26. Ng3 b3 27. Rdd2
Rh6 28. Nf5 Rd7 29. Nxh6 Nxe4 30. Ne1 gxh6 31. Nd3 Nxf2 32. Rxf2 Rb7 33. Rf7 Bg5
34. Nb4 Qb6 35. cxb3 Qxb4 0-1

[Event "Challenge"]
[Site "http://www.queenalice.com/game.php?id=963856"]
[Date "2011.7.23"]
[Round "-"]
[White "iedamarian"]
[Black "brannach"]
[Result "0-1"]
[WhiteElo "1364"]
[BlackElo "1422"]

1. e4 c6 2. d4 d5 3. exd5 cxd5 4. b4 Nf6 5. Nc3 e6 6. Nf3 Bxb4 7. Bd2 Nc6 8. Rb1
Qa5 9. g3 Bxc3 10. h4 a6 11. h5 Ne4 12. Bxc3 Qxc3+ 13. Nd2 Nxd4 14. f3 Nxf3+ 15.
Qxf3 Qxd2# 0-1

[Event "Challenge"]
[Site "http://www.queenalice.com/game.php?id=968866"]
[Date "2011.8.5"]
[Round "-"]
[White "Cioti"]
[Black "iedamarian"]
[Result "1-0"]
[WhiteElo "1265"]
[BlackElo "1385"]

1. d4 d5 2. Nc3 f5 3. Nf3 Nf6 4. Ne5 Nc6 5. Nxc6 bxc6 6. Bg5 Rb8 7. Bxf6 Rxb2 8.
Be5 Ba6 9. Qc1 Qb8 10. Bxc7 Qb7 11. Bf4 e6 12. e3 Ba3 13. Be5 Bxf1 14. Rxf1 Rb3
15. cxb3 Bxc1 16. Rxc1 Qb4 17. Bxg7 Rg8 18. Be5 Rxg2 19. Rh1 a6 20. Kf1 Rg4 21.
h3 Qa3 22. Rb1 Rg5 23. Rg1 Rh5 24. Rg8+ Kf7 25. Rg7+ Ke8 26. Rc7 Rxh3 27. Rxc6
a5 28. Rxe6+ Kf8 29. Rf6+ Ke7 30. Rxf5 Qxa2 31. Nxa2 Rh6 32. Kg2 Kd7 33. Rf6 Rh5
34. Rd6+ Ke7 35. Rc1 Rg5+ 36. Kf3 Rg8 37. Rc7+ Ke8 38. Bf6 Rg6 39. Rd8# 1-0

[Event "Challenge"]
[Site "http://www.queenalice.com/game.php?id=1000084"]
[Date "2011.10.22"]
[Round "-"]
[White "Rubenscb"]
[Black "iedamarian"]
[Result "1-0"]
[WhiteElo "1548"]
[BlackElo "1364"]

1. e4 b6 2. d4 c5 3. Nf3 Nf6 4. Nc3 Nc6 5. Bg5 Ng4 6. dxc5 a5 7. Bb5 bxc5 8.
Bxc6 Ra6 9. Ba4 h5 10. Nd5 f6 11. Bf4 e6 12. Bc7 Qe7 13. Nxe7 Bxe7 14. O-O O-O
15. Bxd7 Bb7 16. Bxe6+ Rxe6 17. Bxa5 Rxe4 18. Re1 Nxf2 19. Kxf2 f5 20. Rxe4 fxe4
21. Qd7 Bh4+ 22. g3 Rxf3+ 23. Ke2 Ba6+ 24. Ke1 Bxg3+ 25. hxg3 Rxg3 26. Qe6+ Kf8
27. Qd6+ Kf7 28. Qxg3 g6 29. Qf4+ Ke6 30. Qxe4+ Kd7 31. Rd1+ Kc8 32. Qe7 Kb8 33.
Qc7+ Ka8 34. Rd8+ Bc8 35. Rxc8# 1-0